Đa dạng loài giun đất và ốc cạn ở núi Bà Đen, tỉnh Tây Ninh : Luận văn tốt nghiệp cao học . Ngành Sinh thái học
Thống kê thành phần loài, lập danh mục và xây dựng khóa định loại các loài giun đất và ốc cạn ở núi Bà Đen, tỉnh Tây Ninh ; khảo sát đặc điểm phân bố định tính hai nhóm loài trên theo sinh cảnh và độ cao ở khu vực nghiên cứu ; mô tả các loà...
Wedi'i Gadw mewn:
| Prif Awdur: | |
|---|---|
| Fformat: | Llyfr |
| Iaith: | Undetermined |
| Cyhoeddwyd: |
Cần Thơ
Đại học Cần Thơ
2013
|
| Pynciau: | |
| Tagiau: |
Ychwanegu Tag
Dim Tagiau, Byddwch y cyntaf i dagio'r cofnod hwn!
|
| Thư viện lưu trữ: | Trung tâm Học liệu Trường Đại học Cần Thơ |
|---|
| LEADER | 01379nam a2200217Ia 4500 | ||
|---|---|---|---|
| 001 | CTU_184430 | ||
| 008 | 210402s9999 xx 000 0 und d | ||
| 082 | |a 639.75 | ||
| 082 | |b Ng419 | ||
| 088 | |a 60420120 | ||
| 100 | |a Nguyễn, Thị Ánh Ngọc | ||
| 245 | 0 | |a Đa dạng loài giun đất và ốc cạn ở núi Bà Đen, tỉnh Tây Ninh : | |
| 245 | 0 | |b Luận văn tốt nghiệp cao học . Ngành Sinh thái học | |
| 245 | 0 | |c Nguyễn Thị Ánh Ngọc ; Đỗ Văn Nhượng, Nguyễn Thanh Tùng người hướng dẫn | |
| 260 | |a Cần Thơ | ||
| 260 | |b Đại học Cần Thơ | ||
| 260 | |c 2013 | ||
| 520 | |a Thống kê thành phần loài, lập danh mục và xây dựng khóa định loại các loài giun đất và ốc cạn ở núi Bà Đen, tỉnh Tây Ninh ; khảo sát đặc điểm phân bố định tính hai nhóm loài trên theo sinh cảnh và độ cao ở khu vực nghiên cứu ; mô tả các loài giun đất, ốc cạn và xây dựng bộ mẫu các loài đã gặp ở khu vực nghiên cứu để phục vụ giảng dạy và nghiên cứu khoa học. | ||
| 650 | |a Đa dạng sinh thái,Earthworms | ||
| 904 | |i Thu Lài | ||
| 980 | |a Trung tâm Học liệu Trường Đại học Cần Thơ | ||